000 00872nam a2200253 a 4500
999 _c3576
_d3576
001 3576
003 BD-JhCC
005 20171115115327.0
008 171115s2008 bg |||| b||| 00| 0 ben d
020 _a9847015600648
035 _a(BD-JhCC)3576
040 _aBD-JhCC
_dBD-JhCC
041 _aben
082 _a891.4415
_bABR 2008
245 _aআবৃত্তির জন্য :
_bদুই বাংলার নির্বাচিত কবিতা /
_cসৈয়দ রেজাঊল রহমান [সম্পা.].
260 _aঢাকা :
_bমাওলা ব্রাদার্স,
_c2008.
300 _a480 p. :
_c22 cm.
504 _aIncludes Bibliographical Reference.
650 _aSelected Poems.
650 _aPoems Rectation
700 _aরহমান, সৈয়দ রেজাঊল
942 _2ddc
_cBK